| 000 | 01123naa a22003257a 4500 | ||
|---|---|---|---|
| 001 | BR6900324 | ||
| 003 | BR-BrBNA | ||
| 005 | 20240918173349.0 | ||
| 007 | ta | ||
| 008 | 230509b bl.||||| |||| 00| 0 por d | ||
| 040 |
_aBR-BrBNA _bpor _cBiblioteca Nacional de Agricultura |
||
| 041 | _a(Pt) | ||
| 072 |
_aF21 _b1950 _b3920 |
||
| 090 | _aF21 BR6900324 | ||
| 100 | 1 | _aCampelo, A.B. | |
| 100 | 1 | _aCampelo, C.R. | |
| 111 | 1 |
_a20. Congresso Nacional de Botanica _cGoiania, GO (Brazil) _d19 Jan 1969 |
|
| 245 | 1 | _aEficiencia da inoculacao cruzada entre especies da subfamilia mimosoideae | |
| 260 | 3 |
_aRio de Janeiro, GB (Brasil): _c1969. |
|
| 500 | _aAnais da Sociedade Botanica do Brasil Rio de Janeiro, GB (Brasil): 1969. p. 117-124 (BR6900324-AM)F21 | ||
| 650 | _aBiologia do solo | ||
| 650 | _aFixacao simbiotica de Nitrogenio | ||
| 650 | _aInoculacao | ||
| 650 | _aLeguminosa | ||
| 650 | _aRhizobium | ||
| 650 | _aNodulo | ||
| 773 | 0 |
_tAnais da Sociedade Botanica do Brasil _wF21 BR6900324 _gRio de Janeiro, GB (Brasil), 1969. p. 117-124 |
|
| 909 |
_a202404 _bLucia _c55 _dLucia Elande |
||
| 942 |
_cAM _2AGRIS |
||
| 999 |
_c304189 _d304189 |
||